000 00870nam a22002297a 4500
003 OSt
005 20260124084543.0
008 230612b ||||| |||| 00| 0 eng d
040 _cSSBUL
041 _ashan
082 _223
_a294.3368
100 0 _aၼမ်ႉဝၢႆၶျွင်း(ၵျွၵ်ႉမႄး)၊
_cၸရေး။
_925747
245 1 0 _aသႃႇသၼႃႇတွင်းပၢၼ်ႇ /
_cၸရေး ၼမ်ႉဝၢႆၶျွင်း(ၵျွၵ်ႉမႄး)။
260 _aတူၼ်ႈတီး၊
_bဝိၼ်းၵွမ်ႇပျူႇတႃႇ၊
_c2014 ။
300 _a124 ၼႃႈ၊
_c20 ၸိၼ်ႇတီႇ။
500 _aS-SAT: Dr. Prof Sai Aung Tun
650 _aဝွၵ်း - ပုတ်ႉထၽႃႇသႃႇ
_924567
942 _cBK
942 _2ddc
942 _2ddc
942 _2ddc
999 _c25635
_d25635